|
|
แสดงรายละเอียดบรรณานุกรม |
|
|
Brief Record
: Get Marc (ISO 2709)
: E-mail record
: |
|
|
| LEADER 00000nam 2200000uu 4500 | |||
| 008 120605s2554||||th 000 0 tha d | |||
| 040 ^abcnkk | |||
| 041 0 ^atha | |||
| 060 0 ^aBQ 5618.T5 พ322ส 2554. | |||
| 100 0 ^aครูญาณรัตนากร,พระ. | |||
| 245 00 ^aสวดมนต์ทำวัตรแปล : วัดป่าทรงธรรม บ้านหนองดู่ ต.ธงธานี อ.ธวัชบุรี จ.ร้อยเอ็ด./^bพระครูญาณรัตนากร. | |||
| 260 ^aร้อยเอ็ด : ^bวัดป่าทรงธรรม,^c2554. | |||
| 300 ^a 122 หน้า;^bภาพประกอบ. | |||
| 650 0 ^aพุทธศาสนา ^xบทสวดมนต์ ^xภาษาไทย. | |||
| 999 ^aใช้งานได้ทุกระบบ | |||
| คุณยังไม่ได้ล็อกอิน คุณสามารถมีกิจกรรมร่วมกับเว็บไซต์ได้ แต่ต้องล็อกอินก่อน :: |
|
| สถานะ | |||||||||
| 1. | หนังสือทั่วไป | BQ 5618.T5 พ322ส 2554 | On Shelf ขอยืม | ||||||
| [แสดง 1/1 รายการ] | |||||||||
BibComment |
| คอมเมนท์ทรัพยากรรายการนี้ |
|
|